000 00660nam a2200241 i 4500
001 C2-0301947
003 PPAK
005 20180728083123.0
008 100104s2008 xx a|||| ||||| | tam d
020 _a8123403607
040 _aPPAK
_beng
_cPPAK
_erda
082 0 4 _a894.8113
_223
090 0 0 _a894.8113
_bPAZ
_dK
100 1 _aPazhaniappan, M.A.,
_eauthor
245 1 0 _aNeethi sollum kathaikal
264 1 _bNew Century Book House ,
_c2008
300 _a74 pages :
_billustrations ;
_c18 cm
336 _2rdacontent
_atext
337 _2rdamedia
_aunmediated
338 _2rdacarrier
_avolume
650 1 0 _aChildren's stories, Tamil
942 _ddc
_cB
999 _c105674
_d105674